| 000 | 00466 a2200121 4500 | ||
|---|---|---|---|
| 020 | _a0340807636 | ||
| 082 | _a5193.535 SHA | ||
| 100 | _aShaw, Peter J. A. | ||
| 245 |
_aMultivariate statistics for the environmental sciences _cPeter J.A. Shaw. |
||
| 260 |
_aLondon : _bArnold ; _aNew York : _bDistributed in the United States by Oxford University Press, _c2003. |
||
| 300 |
_aix, 233 p. : _bill. ; _c24 cm. |
||
| 650 |
_aEnvironmental sciences _xStatistical methods. |
||
| 650 | _aMultivariate analysis. | ||
| 999 |
_c555 _d555 |
||